El doctor desastre /

Gespeichert in:
Bibliographische Detailangaben
1. Verfasser: Loungani, Prakash
Format: Text
Schlagworte:
Tags: Tag hinzufügen
Keine Tags, Fügen Sie den ersten Tag hinzu!

MARC

LEADER 00000 a a2200000 04500
001 8131
003
040
100 |a Loungani, Prakash  
245 |a El doctor desastre /  |c Prakash Loungani 
650 |a ASPECTOS ECONOMICOS  
650 |a MERCADO  
650 |a ESPECULACION INMOBILIARIA  
650 |a FMI  
650 |a RECESION ECONOMICA  
650 |a ESTADOS UNIDOS  
773 |g volumen 35, número 19; páginas 308  
999 |c 25177  |d 25177